000 00310nam a2200121Ia 4500
008 220204s9999 xx 000 0 und d
082 _a69.001.3(035)
_bMEI
100 _aMeir, H W
245 0 _aConstruction specifications handbook
250 _aEd.2
260 _aNew Jersey
_bPrentice Hall
_c1978
942 _cBK
999 _c30648
_d30648